Them Discography - Statistics

General Stats
  • This quiz has been taken 2 times
  • The average score is 6 of 20
Answer Stats
Type Year Name % Correct
Album 1965 The Angry Young Them
100%
EP 1965 Them
100%
Album 1970 Them
100%
EP 1984 Them
100%
Album 1966 Them Again
50%
Compilation 1977 The Story of Them
50%
Compilation 1970 The World of Them
50%
EP 1967 Gloria's Dream
0%
Compilation 2005 Gold
0%
Album 1968 Now And Them
0%
EP 1967 Portland Town
0%
Compilation 1976 Rock Roots
0%
Album 1979 Shut Your Mouth
0%
Compilation 2015 The Complete Them 1964-1967
0%
Album 1967 Them Belfast Gypsies
0%
Compilation 1972 Them Featuring Van Morrison
0%
Compilation 1985 Them Featuring Van Morrison
0%
Album 1971 Them In Reality
0%
Compilation 1997 The Story of Them Featuring Van Morrison
0%
Album 1968 Time Out! Time In For Them
0%
No matching quizzes found
Score Distribution
Percent of People with Each Score
Percentile by Number Answered
Your Score History
You have not taken this quiz